| 000 | 00681cam a22002412 4500 | ||
|---|---|---|---|
| 001 | 0000004677 | ||
| 005 | 20151217154349.0 | ||
| 008 | 070528s xx 000 0 eng d | ||
| 020 |
_a070699616X : _cGBP 27.95 |
||
| 040 |
_aKABU _cKABU |
||
| 050 | 0 |
_aQK47 _b.P36 |
|
| 100 | 1 |
_aPandey, S. N. _@0000155363 |
|
| 245 | 1 | 2 |
_aA Textbook of botany volume 1 / _cS. N. Pandey, P. S. Trivedi. |
| 250 | _a10th Rev. ed. | ||
| 260 |
_aNew Delhi : _bVikas Publishing, _c1994. |
||
| 300 | _a613 p. | ||
| 362 | 0 | _avol. 1. | |
| 650 | 0 |
_aBotany. _@0000016761 |
|
| 700 | 1 |
_aTrivedi, P. S. _@0000155364 |
|
| 908 | _a070528 | ||
| 950 | _@1 | ||
| 999 |
_c10794 _d10794 |
||